000
00256pam a2200121 a 4500
020
_c
041
_a
eng
100
_a
Zweng.
245
_a
Josephh Fouche
_h
Textual Documents
260
_a
[s.l]:
_b
The British Publishing
300
_a
224p.
930
_a
15276
999
_c
92176
_d
92176